| 000 | 01627nam a2200361 a 4500 | ||
|---|---|---|---|
| 001 | ebr10231496 | ||
| 003 | CaPaEBR | ||
| 006 | m u | ||
| 007 | cr cn||||||||| | ||
| 008 | 080221s2008 dcua sb 001 0 eng | ||
| 010 | _z 2008007999 | ||
| 020 | _z9780881324204 (pbk. : alk. paper) | ||
| 020 | _z0881324205 (pbk. : alk. paper) | ||
| 040 |
_aCaPaEBR _cCaPaEBR |
||
| 035 | _a(OCoLC)471126182 | ||
| 043 | _an-us--- | ||
| 050 | 1 | 4 |
_aQC983 _b.L48 2008eb |
| 082 | 0 | 4 |
_a363.738/74526 _222 |
| 245 | 0 | 0 |
_aLeveling the carbon playing field _h[electronic resource] : _binternational competition and US climate policy design / _cTrevor Houser ... [et al.]. |
| 260 |
_aWashington, DC : _bPeterson Institute for International Economics : _bWorld Resources Institute, _c2008. |
||
| 300 |
_axxi, 95 p. : _bill. |
||
| 504 | _aIncludes bibliographical references (p. 79-81) and index. | ||
| 533 |
_aElectronic reproduction. _bPalo Alto, Calif. : _cebrary, _d2013. _nAvailable via World Wide Web. _nAccess may be limited to ebrary affiliated libraries. |
||
| 650 | 0 |
_aClimatic changes _xGovernment policy _zUnited States _xEvaluation. |
|
| 650 | 0 |
_aGreenhouse gas mitigation _xGovernment policy _zUnited States. |
|
| 650 | 0 |
_aClimatic changes _xGovernment policy _xInternational cooperation. |
|
| 650 | 0 |
_aGreenhouse gas mitigation _xInternational cooperation. |
|
| 650 | 0 | _aCarbon taxes. | |
| 655 | 7 |
_aElectronic books. _2local |
|
| 700 | 1 | _aHouser, Trevor. | |
| 710 | 2 | _aebrary, Inc. | |
| 856 | 4 | 0 |
_uhttp://site.ebrary.com/lib/rucke/Doc?id=10231496 _zAn electronic book accessible through the World Wide Web; click to view |
| 999 |
_c153970 _d153970 |
||